000 00327 a2200157 4500
001 186586
020 _a85-322-8312-2
040 _cMagnum
100 _aCunha, Leo
240 1 0 _aO sabiĆ” e a girafa
_lpor
245 1 0 _aO sabiĆ” e a girafa
300 _a35
362 0 _a2012
697 _aLITERATURA INFANTO
942 _cBK
999 _c186586
_d186586